Físico-química de superficies

Bibliographic Details
Main Author: Rabockai, Tibor
Format: Section = Libro
Language:Undetermined
Spanish
Published: Washington OEA 1979
Subjects:
LEADER 00412nam a2200169Ia 4500
008 240830s9999 xx 000 0 und d
040 |a CEDOC FIQ-RUSB / 539 R112 
041 |a spa 
082 |a 539 R112 
100 1 |a Rabockai, Tibor 
245 1 0 |a Físico-química de superficies 
260 |a Washington  |b OEA  |c 1979 
300 |a 128 p. : il 
650 7 |a FISICOQUIMICO 
942 |c BK  |2 ddc 
991 |a TEXTO 
999 |c 13432